Most Popular Sports by Countries - Statistics

General Stats
  • This quiz has been taken 86 times
  • The average score is 10 of 13
Answer Stats
Sport No. Of Countries Countries % Correct
Football 147 Albania, Algeria, Andorra, Angola, Argentina, Armenia, Austria...
100%
Australian Football 2 Australia, Nauru
95%
Ice Hockey 4 Canada, Finland, Latvia, Slovakia
95%
Cricket 14 Afghanistan, Antigua and Barbuda, Bangladesh, Barbados, Grenada...
93%
American Football 1 United States
91%
Rugby 6 Fiji, Madagascar, New Zealand, Papua New Guinea, Samoa, Tonga
89%
Baseball 9 Cuba, Dominican Republic, Japan, Nicaragua, Palau, Panama...
88%
Gaelic Football 1 Ireland
80%
Basketball 7 Bahamas, China, Estonia, Lithuania, Marshall Islands, Philippines...
72%
Athletics 2 Jamaica, Micronesia
57%
Motorsport 1 Monaco
46%
Archery 1 Bhutan
33%
Wrestling 1 Mongolia
32%
No matching quizzes found
Score Distribution
Percent of People with Each Score
Percentile by Number Answered
Your Score History
You have not taken this quiz